Premier League Goalkeepers 2019-2020 Quiz Stats

 Plays Quiz not verified by Sporcle

Score 0/20 Timer 05:00
0 Plays Today
Question Answer Wrong Answers
EVERTON JORDAN PICKFORD
100%
SAM JOHNSTONE
0%
MARCUS BETTINELLI
0%
DANIEL BENTLEY
0%
ARSENAL BERND LENO
100%
THOMAS KESSLER
0%
JASPER CILLESSEN
0%
KEVIN TRAPP
0%
LEICESTER CITY KASPER SCHMEICHEL
100%
FREDERIK RONNOW
0%
RUNE JARSTEIN
0%
JAKOB JENSEN
0%
MANCHESTER CITY EDERSON MORAES
100%
PETER GULACSI
0%
SAMIR HANDONOVIC
0%
DANIJEL SUBASIC
0%
LIVERPOOL ALISSON BECKER
100%
HEURELHO GOMES
0%
YANN SOMMER
0%
LEO JARDIM
0%
CHELSEA KEPA ARRIZABALAGA
100%
RUBEN BLANCO
0%
DIEGO LOPEZ
0%
PEPE REINA
0%
MANCHESTER UNITED DAVID DE GEA
100%
UNAI SIMON
0%
AITOR FERNANDEZ
0%
JOEL ROBLES
0%
TOTTENHAM HOTSPURS HUGO LLORIS
100%
STEVE MANDANDA
0%
ALBAN LAFONT
0%
BENOIT COSTIL
0%
BURNLEY NICK POPE
98.7%
SIMON EASTWOOD
0%
RYAN ALLSOP
0%
REMI MATTHEWS
0%
WESTHAM UNITED LUKASZ FABIANSKI
98.7%
LUKAS HRADECKY
1.3%
ROMAN BURKI
0%
WOJCIECH SZCZESNY
0%
WOLVERHAMPTON WANDERERS RUI PATRICIO
97.3%
DIOGO COSTA
0%
BRUNO VARELA
0%
RUI SILVA
1.3%
ASTON VILLA TOM HEATON
97.3%
GEORGE LONG
0%
RYAN SCHOFIELD
0%
JACK WALTON
1.3%
NORWICH CITY TIM KRUL
94.7%
JEROEN ZOET
2.7%
REMKO PASVEER
0%
JOEL DROMMEL
1.3%
BRIGHTON & HOVE ALBION MATT RYAN
94.7%
KEIREN WESTWOOD
2.7%
DAVID MARSHALL
1.3%
JON MCLAUGHLIN
0%
CRYSTAL PALACE VICENTE GUAITA
94.7%
KIKO CASILLA
1.3%
DAVID SORIA
1.3%
MANOLO REINA
2.7%
WATFORD BEN FOSTER
93.3%
CHRISTIAN WALTON
0%
ALEX SMITHIES
0%
JACK BUTLAND
5.3%
SOUTHAMPTON ANGUS GUNN
93.3%
BRADLEY COLLINS
1.3%
DILLON PHILLIPS
1.3%
FREDDIE WOODMAN
4%
NEWCASTLE UNITED MARTIN DUBRAVKA
85.3%
JIRI PAVLENKA
5.3%
TOMAS KOUBEK
2.7%
TOMAS VACLIK
5.3%
SHEFFIELD UNITED DEAN HENDERSON
84%
LEE NICHOLLS
8%
WILL NORRIS
2.7%
LEE BURGE
4%
AFC BOURNEMOUTH AARON RAMSDALE
80%
BEN HAMER
8%
DECLAN RUDD
9.3%
JOE LUMLEY
2.7%

You're not logged in!

Compare scores with friends on all Sporcle quizzes.
OR
Log In

Sporcle TV

Today on Sporcle TV


Watch our educational content, quiz creation guides, and fun videos on Sporcle TV.

Show Comments

Extras

Top Quizzes Today


Score Distribution

Your Account Isn't Verified!

In order to create a playlist on Sporcle, you need to verify the email address you used during registration. Go to your Sporcle Settings to finish the process.

Report this User

Report this user for behavior that violates our Community Guidelines.

Details: